Sudden Death - Nachbarländer Serbiens - Statistiken

Allgemein
  • Dieses Quiz wurde 152 mal gespielt
  • Das Durchschnittsergebnis liegt bei 5 aus 8
Answers on the Grid
Answers color-coded by a green-red scale on the quiz's grid according to % correct below.
Ungarn🇭🇺
Kroatien🇭🇷
Bosnien-Herzegowina🇧🇦
Kosovo🇽🇰
Montenegro🇲🇪
Nordmazedonien🇲🇰
Bulgarien🇧🇬
Rumänien🇷🇴
Moldau🇲🇩
Albanien🇦🇱
Ukraine🇺🇦
Griechenland🇬🇷
Slowenien🇸🇮
Slowakei🇸🇰
Polen🇵🇱
Russland🇷🇺
Österreich🇦🇹
Tschechien🇨🇿
Belarus🇧🇾
Armenien🇦🇲
 
Antwortstatistiken
Antwort % Korrekt
Kosovo🇽🇰
75%
Bosnien-Herzegowina🇧🇦
72%
Kroatien🇭🇷
66%
Montenegro🇲🇪
59%
Rumänien🇷🇴
55%
Bulgarien🇧🇬
51%
Nordmazedonien🇲🇰
50%
Ungarn🇭🇺
50%
Keine übereinstimmenden Quizze gefunden
Verteilung der Resultate
Anzahl Personen mit jedem Resultat
Perzentil nach korrekt beantworteten Fragen
Ihre Resultats-Entwicklung
Sie haben dieses Quiz noch nicht gespielt